Statistics for A Quiz About Mormonism

Click here to take the quiz!

General Stats

  • This quiz has been taken 3,739 times
  • The average score is 13 of 19

Answer Stats

HintAnswer% Correct
In what city and state would you find its headquarters?Salt Lake City
93%
What is the official name of the Mormon church?The Church of Jesus Christ
of Latter-day Saints
90%
In what city and state would you find its headquarters?Utah
88%
Who founded the Mormon church?Joseph Smith
84%
What controversial practice was ended by the church in 1890?Polygamy
80%
What family of musical Mormons did Donny and Marie come from?The Osmonds
73%
What group of people were excluded from holding leadership roles
in the church until 1978?
People of African Descent
72%
What Mormon was the Republican nominee for U.S. President in 2012?Mitt Romney
72%
What is something a devout Muslim would drink but a devout Mormon would not?Coffee or Tea
72%
What do many Mormon men do for two years after graduating high school?Go on a {Mission}
71%
Who succeded him as President of the church, and led the Mormons west?Brigham Young
67%
What Mormon choir has performed for 10 different U.S. Presidents?{Tabernacle} Choir
61%
What holy text tells the story of a lost tribe of Israel who lived in the Americas?The Book of Mormon
57%
Other than the U.S., which country has the most Mormon temples?Mexico
56%
What type of people are baptized by the Mormon church that no other church
would consider baptizing?
{Dead} People
53%
From what source was this book transcribed?The {Golden} Plates
52%
What Biblical place did many early Mormons believe to be located
in Jackson County, Missouri?
The Garden of Eden
46%
What religious office are 12 year old males eligible for?Priesthood
41%
What is the name of the angel who gave those plates to the founder?Moroni
34%

Score Distribution

Percentile by Number Answered

Percent of People with Each Score

Your Score History

You have not taken this quiz